000 00541nam a22001937a 4500
999 _c3030
_d3030
003 OSt
005 20230925112255.0
008 230925b ||||| |||| 00| 0 eng d
020 _a9789671562246
040 _cKH8
082 _a400 OTH
100 _aSyahril Othman,
_eauthor.
245 _aIGCSE Malay Oral Book Volume 4 /
_cSyahril Othman.
260 _aMalaysia ;
_bSyahril Education Enterprise.
440 _vVolume 4
650 _aMalay language
_vGrammar and speaking
651 _aMalay language
_vForeign language
942 _2ddc
_cTR